Хвърчилото (Запис номер 508973)
[ съкратено ]
| 000 -Лидер | |
|---|---|
| Контролно поле с фиксирана дължина | 00938aam a2200265 a 4500 |
| 003 - Код на организацията, давaща контролен номер | |
| Контролно поле | BLK |
| 005 - Дата и час на последна редакция | |
| Контролно поле | 20250517122121.0 |
| 008 - Елементи от данни с фиксирана дължина | |
| fixed length control field | 180723b bul||||| |||| 00| 0 bul d |
| 020 ## - Международен стандартен номер на книга ISBN | |
| Международен стандартен номер на книга ISBN | 9786192432942 |
| 040 ## - Източник на каталожния запис | |
| Идентификатор на билиотеката - собственик на записа | BLK |
| 041 ## - Код за език | |
| Код за езика на текст/звукозапис или на отделно заглавие | Български |
| Код за езика КДБФ | Български |
| 080 ## - УДК | |
| Текстов определител УДК | Френска литература |
| УДК код - определител по УДК | 821.133.1 |
| УДК - код + определител | 821.133.1-31 |
| УДК определител | -31 |
| 100 ## - Редна дума - Автор | |
| Автор | Коломбани, Летисия |
| R(LIN) | 420203 |
| Авторска отговорност | първи автор |
| 139 ## - Редно поле | |
| Редна дума | Коломбани, Летисия |
| Авторски знак | Коло - К 79 |
| 245 ## - Сведения за заглавието | |
| Заглавие | Хвърчилото |
| Подзаглавни данни | Роман |
| Редно поле (дума) | Патрисия Коломбани, прев. от фр. Ваня Войнова |
| 257 ## - Страна на издаване | |
| Страна на създаване/издаване | Франция |
| 260 ## - Област на издателските данни | |
| Име на издателя, разпространителя и проч. | Прозорец |
| Година на издаване | 2024 |
| Място на издаване, разпространение и проч. | София |
| 300 ## - Физическа характеристика | |
| Страници | 184 с. |
| Размери/Мащаб | 20 см |
| 380 ## - Жанр | |
| Жанр | Худож. лит. |
| 700 ## - Други автори (авторска отговорност) | |
| 9 (RLIN) | 401637 |
| Лично име | Войнова, Ваня Петрова |
| Автороска отговорност (Описва отношението между автора и произведението) | прев. от фр. |
| 852 ## - Местоположение | |
| Форматна сигнатура | Цб 324522 |
| Фондова буква | Хранилище |
| 942 ## - АРТИКУЛИ | |
| Вид на библиотечния материал | Книги |
| Източник на класификационната схема | Universal Decimal Classification |
| Скрит в OPAC | Не |
| Koha issues (borrowed), all copies | 23 |
| 944 ## - СЪЗДАВАНЕ И РЕДАКЦИЯ на ЗАПИСА | |
| Дата на регистрацията/редакция | 2024 |
| Служител, извършил регистрацията/редакцията | 30534 |
| Статус, дата на статуса | Радостина Карадакова |
| 999 ## - СИСТЕМНИ КОНТРОЛНИ НОМЕРА | |
| Koha biblionumber | 508973 |
| Koha biblioitemnumber | 508973 |
| 999 ## - СИСТЕМНИ КОНТРОЛНИ НОМЕРА | |
| Koha biblioitemnumber | 508973 |
| Код за отписване | Код за изгубен артикул | Източник на класификационната схема | Код за повреда | Код за отдаване | Артикулен № | Име на библиотеката - собственик | Име на библиотеката, в която се намира в момента | Статус (Текущо местоположение) | Дата на вписване в системата | Местоположение - отдел | Цена в лева | Инвентарен номер | Систематично азбучна сигнатура | Баркод | Цена в евро | Служебен тип на артикула | Коз за рестрикции |
|---|---|---|---|---|---|---|---|---|---|---|---|---|---|---|---|---|---|
| Не е изгубен | Universal Decimal Classification | Не е повреден | заемане за дома | 942368 | Регионална библиотека "Любен Каравелов" Русе | Регионална библиотека "Любен Каравелов" Русе | Заемна - подръчен фонд | 2024-04-17 | Заемна - подръчен фонд | 11.25 | 120000901392 | 821-31/К 79 Л | 120000901392 | 5.75 | Книги | ||
| Не е изгубен | Universal Decimal Classification | Не е повреден | заемане за дома | 942369 | Регионална библиотека "Любен Каравелов" Русе | Регионална библиотека "Любен Каравелов" Русе | Количка | 2024-04-17 | Заемна - подръчен фонд | 11.25 | 120000901391 | 821-31/К 79 Л | 120000901391 | 5.75 | Книги | ||
| Не е изгубен | Universal Decimal Classification | Не е повреден | ползва се в читалня | 949315 | Регионална библиотека "Любен Каравелов" Русе | Регионална библиотека "Любен Каравелов" Русе | Хранилище | 2024-09-19 | Хранилище | 15.00 | 120000912685 | Цб 324522 | 120000912685 | 7.67 | Книги | само за читалня | |
| Не е изгубен | Universal Decimal Classification | Не е повреден | заемане за дома | 958255 | Регионална библиотека "Любен Каравелов" Русе | Регионална библиотека "Любен Каравелов" Русе | Заемна - подръчен фонд | 2025-01-15 | Заемна - подръчен фонд | 9.75 | 120000916845 | 821-31/К 79 Л | 120000916845 | 4.99 | Книги | ||
| Не е изгубен | Universal Decimal Classification | Не е повреден | заемане за дома | 958256 | Регионална библиотека "Любен Каравелов" Русе | Регионална библиотека "Любен Каравелов" Русе | Заемна - подръчен фонд | 2025-01-15 | Заемна - подръчен фонд | 9.75 | 120000916846 | 821-31/К 79 Л | 120000916846 | 4.99 | Книги |